Choix d'ouvrages mystiques (Record no. 48293)
[ view plain ]
| 000 -LEADER | |
|---|---|
| campo de control de longitud fija | 01369nam a22003135i 4500 |
| 001 - NÚMERO DE CONTROL | |
| campo de control | 48293 |
| 003 - IDENTIFICADOR DE NÚMERO DE CONTROL | |
| campo de control | ES-MaACL |
| 005 - FECHA Y HORA DE LA ÚLTIMA TRANSACCIÓN | |
| campo de control | 20250714085854.0 |
| 007 - CAMPO FIJO DE DESCRIPCIÓN FÍSICA--INFORMACIÓN GENERAL | |
| campo de control de longitud fija | t| |
| 008 - DATOS DE LONGITUD FIJA--INFORMACIÓN GENERAL | |
| campo de control de longitud fija | 950713s1840 fr ||||1| fre d |
| 040 ## - FUENTE DE CATALOGACIÓN | |
| Centro catalogador/agencia de origen | CAM |
| Lengua de catalogación | spa |
| Centro/agencia transcriptor | CAM |
| 245 00 - MENCIÓN DEL TÍTULO | |
| Título | Choix d'ouvrages mystiques |
| Resto del título | : avec notices littéraires / |
| Mención de responsabilidad, etc. | par J.A.C. Buchon. |
| 260 ## - PUBLICACIÓN, DISTRIBUCIÓN, ETC. | |
| Lugar de publicación, distribución, etc. | Paris : |
| Nombre del editor, distribuidor, etc. | A. Desrez, |
| Fecha de publicación, distribución, etc. | 1840. |
| 300 ## - DESCRIPCIÓN FÍSICA | |
| Extensión | 764 p. ; |
| Dimensiones | 26 cm. |
| 490 1# - MENCIÓN DE SERIE | |
| Mención de serie | Panthéon littéraire. Littérature latine. Philosophie chrétienne |
| 505 8# - NOTA DE CONTENIDO CON FORMATO | |
| Nota de contenido con formato | Contiene: Confessions; Méditations / Saint Augustin -- Consolations de la philosophie / Boéce -- Traité de la consideration / Saint Bernard -- Imitation de Jésus-Christ / Gersen -- Principes de la vie Chrétienne; Chémin du ciel / Cardinal Bona -- Institutions / Tauler -- Le directeur des ames religieuses / Louis de Blois. |
| 650 ## - PUNTO DE ACCESO ADICIONAL DE MATERIA--TÉRMINO DE MATERIA | |
| Término de materia o nombre geográfico como elemento de entrada | Misticismo. |
| 9 (RLIN) | 15086 |
| 700 0# - ENTRADA AGREGADA--NOMBRE PERSONAL | |
| Nombre de persona | Agustín, |
| Títulos y otros términos asociados al nombre | Santo, Obispo de Hipona. |
| 9 (RLIN) | 125563 |
| 700 1# - ENTRADA AGREGADA--NOMBRE PERSONAL | |
| Nombre de persona | Boecio. |
| 9 (RLIN) | 29720 |
| 700 0# - ENTRADA AGREGADA--NOMBRE PERSONAL | |
| Nombre de persona | Bernardo, |
| Títulos y otros términos asociados al nombre | Santo, |
| Fechas asociadas al nombre | 1090?-1153 |
| 9 (RLIN) | 28290 |
| 700 1# - ENTRADA AGREGADA--NOMBRE PERSONAL | |
| Nombre de persona | Gersen. |
| 9 (RLIN) | 56499 |
| 700 1# - ENTRADA AGREGADA--NOMBRE PERSONAL | |
| Nombre de persona | Bona |
| Títulos y otros términos asociados al nombre | , Cardenal. |
| 9 (RLIN) | 30047 |
| 700 1# - ENTRADA AGREGADA--NOMBRE PERSONAL | |
| Nombre de persona | Tauler. |
| 9 (RLIN) | 109402 |
| 700 1# - ENTRADA AGREGADA--NOMBRE PERSONAL | |
| Nombre de persona | Blois, Louis de. |
| 9 (RLIN) | 29534 |
| 700 1# - ENTRADA AGREGADA--NOMBRE PERSONAL | |
| Nombre de persona | Buchon, Jean-Alexandre. |
| 9 (RLIN) | 126221 |
| 830 0# - PUNTO DE ACCESO ADICIONAL DE SERIE-TÍTULO UNIFORME | |
| Título uniforme | Panthéon littéraire. Littérature latine. Philosophie chrétienne |
| 9 (RLIN) | 182229 |
| 852 ## - LOCALIZACIÓN | |
| Ubicación | ES-MaACL |
| Número de control de estantería | G-13584 |
| Estatus retirado | Estado de pérdida | Estado de daño | No para préstamo | Colección | Biblioteca de origen | Biblioteca actual | Ubicación en estantería | Fecha de adquisición | Fuente de adquisición | Total de préstamos | Signatura topográfica completa | Código de barras | Visto por última vez | Precio de reemplazo | Tipo de ítem Koha |
|---|---|---|---|---|---|---|---|---|---|---|---|---|---|---|---|
| Libros del s. XIX | Biblioteca del Ateneo de Madrid | Biblioteca del Ateneo de Madrid | Sala Pecera Planta 3 | 17/01/2008 | G-13584 | 1050825 | 23/02/2023 | 23/02/2023 | Libro impreso antiguo |
